MARC

LEADER 00000nas a2200000 a 4500
001 ssj0008851
003 WaSeSS
005 20200512172242.0
006 m d
007 cr n
008 971110c19829999ne mx pss 0 a0eng c
010 |a  2008233946 
016 7 |a 1478400-2  |2 DE-600 
022 |a 1573-5087  |l 0167-6903  |y 0167-6903 
035 |a (WaSeSS)ssj0008851 
040 |a F#A  |b eng  |e pn  |c F#A  |d CUS  |d OCL  |d OCLCQ  |d MUQ  |d OCLCQ  |d OCL  |d GUA  |d U9S  |d OCLCQ  |d OCLCO  |d OCLCQ  |d OCLCF  |d OCLCQ  |d AU@  |d DLC  |d VT2  |d NJT  |d WaSeSS 
042 |a pcc 
050 0 0 |a SB128 
050 1 4 |a QK745 
082 0 4 |a 631.89 
130 0 |a Plant growth regulation (Online) 
245 1 0 |a Plant growth regulation  |h [electronic resource]. 
260 |a Netherlands :  |b Kluwer Academic Publishers 
260 |3 <2005-> :  |a [Dordrecht], Netherlands :  |b Springer 
310 |a Nine issues yearly 
362 1 |a Print began with vol. 1, no. 1 (Mar. 1982). 
506 |a License restrictions may limit access. 
538 |a Mode of access: World Wide Web. 
588 |a Description based on: Vol. 21, no. 1 (Jan. 1997); title from contents screen (SpringerLink, viewed May 15, 2008). 
588 |a Latest issue consulted: Vol. 86, no. 3 (Dec. 2018) (Springer Link, viewed Dec. 18, 2018). 
650 0 |a Plant regulators  |v Periodicals. 
650 0 |a Plant hormones  |v Periodicals. 
650 0 |a Crops  |x Growth  |v Periodicals. 
650 0 |a Growth (Plants)  |x Regulation  |v Periodicals. 
650 6 |a Plantes  |x Régulateurs de croissance  |x Périodiques. 
650 6 |a Plantes  |x Hormones  |v Périodiques. 
650 6 |a Cultures  |x Croissance  |v Périodiques. 
650 6 |a Croissance (Plantes)  |x Régulation  |x Périodiques. 
650 7 |a Crops  |x Growth.  |2 fast  |0 (OCoLC)fst00884022 
650 7 |a Growth (Plants)  |x Regulation.  |2 fast  |0 (OCoLC)fst00948590 
650 7 |a Plant hormones.  |2 fast  |0 (OCoLC)fst01065480 
650 7 |a Plant regulators.  |2 fast  |0 (OCoLC)fst01065670 
655 0 |a Electronic journals. 
776 1 |t Plant growth regulation  |x 0167-6903  |w (DLC) 90656244  |w (OCoLC)8743345 
850 |a DLC 
856 4 0 |z Full text available from Research Library: 01/01/1997 to 1 year ago  |u https://search.proquest.com/publication/326354